| 000 | 00588nam a22001697a 4500 | ||
|---|---|---|---|
| 003 | OSt | ||
| 082 |
_a631.7 _bABD/EV |
||
| 100 |
_aAbdul Habeer, C. K _94717 |
||
| 100 |
_aAmrutha. G _94718 |
||
| 100 |
_aJinshamol, P _94719 |
||
| 100 |
_aShamna, N. P _94720 |
||
| 245 | _aEvaluation of effect of plastic mulch on the groeth and yiels of brinjal under open field condition | ||
| 260 |
_aTavanur _bDepartment of Soil and Water Conservation Engineering |
||
| 700 | _aSathian, K. K | ||
| 856 | _uhttps://drive.google.com/file/d/18ZF-la76trnBlKFUnarHgH2JkMi-eObf/view?usp=sharing | ||
| 942 | _cPR | ||
| 999 |
_c16317 _d16317 |
||